| 000 | 00727nam a2200217 4500 | ||
|---|---|---|---|
| 001 | 78223 | ||
| 003 | BD-RjUL | ||
| 005 | 20211209083115.0 | ||
| 008 | 210822s2020 bg ||||| |||| 00| 0 ben d | ||
| 020 | _a9789848079812 | ||
| 035 | _a(BD-RjUL)78449 | ||
| 040 |
_aBD-RjUL _bben _cBD-RjUL |
||
| 041 | _aben | ||
| 082 |
_223 _a891.443 _bKAE 2020 |
||
| 245 | 1 | 0 |
_aএকুশ নম্বর সাক্ষী / _cলতিফুল কবির |
| 260 |
_aঢাকা : _bবেহুলাবাংলা, _c২০২০ |
||
| 300 |
_a১৪৪ পৃ.: _bচিত্রসমূহ; _c২২ সেমি. |
||
| 650 |
_aবাংলা উপন্যাস _9247071 |
||
| 650 |
_aBengali novels _9247072 |
||
| 942 |
_2ddc _cBK |
||
| 999 |
_c78223 _d78223 |
||